[Event "10th Beirut Open-ch 2019"]
[Site "Beirut"]
[Date "2019.04.29"]
[Round "4.4"]
[White "Kotanjian, Tigran"]
[Black "Raetsky, Alexander"]
[Result "1-0"]
[WhiteElo "2458"]
[BlackElo "2394"]
[Annotator "TA"]
[PlyCount "73"]
[EventDate "2019.04.25"]
[EventType "swiss"]
[EventRounds "9"]
[EventCountry "LBN"]
[SourceTitle "playchess.com"]
[Source "ChessBase"]
[SourceQuality "1"]

{[%evp 9,72,12,47,5,7,5,44,44,47,25,18,15,28,9,82,92,76,89,107,98,113,112,112,112,116,118,118,89,108,111,115,118,118,118,119,108,106,91,93,103,103,95,95,100,144,91,98,91,82,87,146,115,115,114,187,120,196,206,200,197,197,198,211,196,29997]} 1. d4 e6 2. c4 f5 3. Nc3 Nf6 4. a3 Be7 5. Nf3 (5. g3 O-O 6. Bg2 Nc6 7. e3 d6 8. b4 Qe8 9. Nge2 e5 10. f4 a6 11. O-O e4 12. Bb2 Qh5 {½-½ (48) Indjic,A (2611)-Bauer,C (2647) Budapest 2017}) 5... O-O 6. b4 {A85: Dutch Defence: 2 c4 Nf6 3 Nc3} Ne4 $146 ({Predecessor:} 6... d6 7. Bb2 c6 8. e3 a5 9. Bd3 axb4 10. axb4 Rxa1 11. Bxa1 e5 12. dxe5 dxe5 {1-0 (26) Kotanjian,T (2546)-Prakash,G (2332) Mumbai 2011}) 7. Bb2 Bf6 8. e3 {White is slightly better.} b6 9. Bd3 Bb7 10. O-O d6 11. b5 Nd7 (11... Nxc3 $11 {remains equal.} 12. Bxc3 Qe8) 12. Bxe4 $1 $16 fxe4 13. Nd2 d5 14. cxd5 exd5 15. Qb3 Kh8 16. Nxd5 Nc5 17. dxc5 Bxd5 18. Qc2 Bxb2 19. Qxb2 bxc5 20. Rac1 Qd6 21. Qc2 a6 22. bxa6 ({Not} 22. Nxe4 Bxe4 23. Qxe4 axb5 $15) 22... Rxa6 23. Nxe4 Bxe4 24. Qxe4 Rxa3 25. Qc2 Ra5 26. Qc3 Qa6 27. Rfd1 (27. Rcd1 $142) 27... Ra2 28. Rd2 Rxd2 29. Qxd2 {[%mdl 4096] Endgame KQR-KQR} Qd6 (29... Qc6 $142) 30. Qc2 Rb8 31. g3 Rb5 {[#]} (31... h6 $16 {keeps fighting.} 32. Qxc5 Rb1) 32. Qe4 ({White should try} 32. Rd1 $1 $18 {[%cal Rd1d6]} Qf8 {[#]} 33. Qf5 $1 {[%mdl 576] Back Rank}) 32... Rb8 (32... Qf8 $16) 33. Qf5 $18 {White is clearly better.} Rf8 34. Qxc5 Qf6 35. Rc2 Rf7 36. Qc6 Qe5 $2 {Accuracy: White = 74%, Black = 47%.} (36... Qf5 $18 37. f4 g6) 37. Qa8+ 1-0

[Event "10th Beirut Open-ch 2019"]
[Site "Beirut"]
[Date "2019.04.29"]
[Round "4.5"]
[White "Najjar, Ahmad"]
[Black "Karpatchev, Aleksandr"]
[Result "0-1"]
[WhiteElo "2233"]
[BlackElo "2423"]
[Annotator "TA"]
[PlyCount "114"]
[EventDate "2019.04.25"]
[EventType "swiss"]
[EventRounds "9"]
[EventCountry "LBN"]
[SourceTitle "playchess.com"]
[Source "ChessBase"]
[SourceQuality "1"]

{[%evp 9,114,1,3,10,17,0,0,-17,0,0,0,0,0,0,4,0,0,-36,-9,-21,0,-22,-25,-85,-88,-103,-78,-174,-178,-199,-225,-410,-167,-167,-167,-173,-169,-158,-158,-163,-158,-167,-151,-160,-39,-195,-204,-216,-181,-212,-212,-496,-454,-831,-837,-823,-716,-900,-764,-737,-710,-5197,-5073,-29989,-29987,-29987,-29986,-29989,-29980,-29982,-29980,-29980,-29981,-29981,-29982,-29982,-29983,-29982,-29983,-29976,-10234,-29990,-29991,-29991,-818,-795,-778,-722,-706,-1077,-635,-29979,-29980,-29972,-4586,-29986,-29987,-29992,-29993,-29993,-29994,-29994,-29995,-29995,-29996,-29997,-29997]} 1. g3 e5 2. c4 Nf6 3. Bg2 c6 4. d4 e4 5. Nc3 d5 6. cxd5 {A20: English Opening: 1...e5} (6. Bg5 Bb4 7. Qb3 Bxc3+ 8. Qxc3 O-O 9. f3 dxc4 10. Bxf6 Qxf6 11. fxe4 c5 12. e5 cxd4 13. exf6 dxc3 14. fxg7 {½-½ (40) McShane,L (2647)-Anand,V (2783) Germany 2018}) 6... cxd5 7. Bg5 Bb4 8. e3 {The position is equal.} O-O 9. Nge2 Nbd7 10. O-O $146 {Black must now prevent Nxd5!} ({Predecessor:} 10. Qb3 Ba5 11. O-O h6 12. Bxf6 Nxf6 {1-0 (22) Esquivia Cuadrado,F (2000)-Prieto Gomez,C (1725) Cali 2014}) 10... Bxc3 $1 11. Nxc3 h6 $1 {[%cal Rh6g5]} 12. Bf4 Nb6 13. a4 Be6 14. Nb5 Ne8 {...a6 is the strong threat.} 15. Rc1 Nc4 16. b3 (16. Rxc4 $1 $11 {remains equal.} dxc4 17. Bxe4) 16... Nb2 $1 $17 {[%cal Rb2d1]} 17. Qd2 Nd3 18. Rc2 (18. Rcd1 $17) 18... a6 $19 19. Nc7 Nxf4 20. Nxe8 $2 (20. Nxa8 {is the only way for White.} Nxg2 21. Kxg2) 20... Nh3+ ({Less strong is} 20... Rxe8 21. exf4 Qd7 22. Rcc1 $15) ({And not} 20... Qxe8 21. gxf4 Qe7 22. Rc5 $11) (20... Nxg2 $142 21. Nc7 Bh3) 21. Bxh3 Bxh3 22. Nc7 Bxf1 23. Kxf1 Rc8 24. Qa5 Qd6 {aiming for ...b6.} 25. Rc3 Rcd8 26. Qc5 Qd7 (26... h5 $17 27. h4 g6) 27. Kg2 $2 (27. Qb6 $1 $15) 27... Qf5 28. Qb6 h5 $1 {[%cal Rh5h4] Strongly threatening ...h4!} ({Weaker is} 28... Qf3+ 29. Kg1 $17) 29. h4 Rd7 30. Qxb7 $2 (30. Rc5 Rfd8 31. Qxb7) 30... g5 $1 31. hxg5 (31. Qxa6 $142 gxh4 32. Qe2) 31... h4 32. gxh4 f6 {( -> ...Qf3+)} 33. Qxa6 Qf3+ 34. Kg1 fxg5 35. Qe6+ Rdf7 36. Nxd5 Qxf2+ 37. Kh1 Qxh4+ 38. Kg1 Qf2+ 39. Kh1 Qf3+ 40. Kh2 Kh8 41. Qe5+ Rg7 42. Rc2 g4 43. Rg2 {[#]} Rf5 $1 {[%mdl 512]} 44. Qb8+ Rg8 (44... Kh7 $142 45. Qg3 Rxd5 46. Qxf3 exf3 47. Rg1 g3+ $1 {[%mdl 512]} 48. Rxg3 Rh5+ 49. Kg1 Rxg3+ 50. Kf2 Rhh3 51. e4 Rg2+ 52. Ke3 f2+ 53. Ke2 f1=R+ $1 {[%mdl 576] Back Rank} 54. Kxf1 Rd2 55. Ke1 Ra2 56. Kf1 Rh1#) 45. Qg3 Rh5+ 46. Kg1 Qxg3 (46... Qd1+ $142 47. Kf2 Rc8 48. Nc3 Rf8+ 49. Qf4 Rxf4+ 50. exf4 {[#]} g3+ $1 {[%mdl 576] Deflection} 51. Rxg3 Rh2+ 52. Rg2 Qf3+ $1 {[%mdl 576] Double Attack} 53. Ke1 Qxg2 54. f5 Rh1#) 47. Rxg3 Rxd5 48. Rg2 Kh7 49. Rf2 Kg6 50. Rf4 Kg5 51. Rxe4 Kh4 (51... Rb8 $142 52. Kg2 Rf5 53. Re7 Rxb3 54. Rh7 Rxe3 55. Rg7+ Kf4 56. Rc7 Re2+ 57. Kf1 Rb2 58. Kg1 g3 59. Rc8 g2 60. Rh8 Kg3 61. Rg8+ Kf3 62. Rc8 Rb1+ 63. Rc1 Rxc1+ 64. Kh2 Rh5#) 52. Kg2 Rc8 {Black mates.} 53. Re7 Rc2+ 54. Kf1 Rf5+ 55. Ke1 Rb2 56. e4 Rff2 57. d5 Rg2 {Accuracy: White = 34%, Black = 59%.} 0-1

[Event "10th Beirut Open-ch 2019"]
[Site "Beirut"]
[Date "2019.04.29"]
[Round "4.6"]
[White "Khairallah, Faisal"]
[Black "Dimitrijevic, Aleksandra"]
[Result "0-1"]
[WhiteElo "2255"]
[BlackElo "2164"]
[Annotator "TA"]
[PlyCount "104"]
[EventDate "2019.04.25"]
[EventType "swiss"]
[EventRounds "9"]
[EventCountry "LBN"]
[SourceTitle "playchess.com"]
[Source "ChessBase"]
[SourceQuality "1"]

{[%evp 9,104,33,60,52,63,61,100,101,101,89,93,91,91,95,98,39,39,42,57,27,75,54,98,93,118,117,118,100,79,91,126,110,116,110,104,95,185,93,97,88,106,-5,0,0,0,0,33,0,0,-4,36,0,618,509,1214,-100,637,625,509,443,188,7,443,443,434,0,642,589,550,564,741,749,734,662,716,516,718,702,629,583,793,783,684,-521,0,-521,-504,-571,0,-1118,-1118,-1013,-936,-29989,-29990,-29990,-29991]} 1. d4 d6 2. c4 Nf6 3. Nc3 Bf5 4. f3 e5 5. d5 h6 (5... e4 6. g4 Nxg4 7. fxg4 Qh4+ 8. Kd2 e3+ 9. Kxe3 Qg5+ 10. Kf2 Qh4+ 11. Ke3 Qg5+ 12. Kf2 Qh4+ 13. Ke3 Qg5+ {½-½ (13) Volkov,S (2568)-Sjugirov,S (2654) Khanty-Mansiysk 2018}) 6. e4 {A53: Old Indian Defence without Nf3} Bh7 7. Bd3 c5 8. Nge2 {White is better.} Be7 9. O-O $146 ({Predecessor:} 9. Be3 Nbd7 10. Qd2 a6 11. O-O g5 12. Rab1 Nh5 {0-1 (45) Jaklin,D (1916)-Brankovan,M (1938) Paracin 2013}) 9... Nbd7 10. Rb1 O-O 11. Be3 h5 12. b4 ({White should try} 12. h4 $16) 12... cxb4 $14 13. Rxb4 b6 14. Qd2 Kh8 15. a4 Rg8 16. a5 g5 17. axb6 (17. Bxg5 $2 Rxg5 18. axb6 (18. Qxg5 $2 Nxd5 {[%mdl 64] Pin, Discovered Attack} 19. Qxh5 Nxb4 $19) 18... Qg8 $19) 17... axb6 18. Kh1 g4 19. f4 exf4 20. Nxf4 Bf8 21. Bd4 Bg7 22. Nb5 Qe7 (22... Ne5 $16) 23. Rbb1 (23. Qb2 $1 $18) 23... h4 $16 24. Rbe1 Ne5 25. Bxb6 ({White should play} 25. Bxe5 $16 dxe5 26. d6) 25... Nxd3 26. Nxd3 {Strongly threatening Qg5.} Nxe4 27. Qf4 f5 28. Bd4 {Threatens to win with Bxg7+.} h3 {...Bxd4 is the strong threat.} 29. g3 $132 {[%mdl 2048] White puts up resistance} Ra2 30. Nb4 Rg2 $2 {[%mdl 8192]} (30... Bxd4 $11 31. Nxa2 Be5) 31. Nc6 $18 Qd7 {[#]} (31... Qf8 $142 32. Rxe4 fxe4) 32. Ra1 $2 (32. Rxe4 $1 $18 {[%mdl 512] Hoping for Re7.} Bxd4 (32... fxe4 33. Nxd6) 33. Re7) 32... Nd2 $2 {[%mdl 8192]} (32... Bxd4 $17 33. Ncxd4 (33. Nbxd4 Qg7 $15) 33... Qg7) 33. Ra7 Qxa7 34. Ncxa7 Nxf1 35. Qxf1 $2 (35. Nxd6 $18 {[%cal Rd6f7]} Rf8 36. Nc6 (36. Qxf1 $2 Bxd4 37. Nab5 Rg1+ 38. Qxg1 Bxg1 $19) 36... Rxh2+ 37. Kg1) 35... Re8 $2 {[%mdl 8192]} (35... f4 $1 $11 {and Black is okay.} 36. Qxf4 {[%mdl 64] Double Attack} Re8 37. Bxg7+ Kxg7 38. Qxg4+ {[%mdl 64] Double Attack} Bg6 39. Qxh3 Rc2 40. Qd7+ (40. Qf1 Be4+ 41. Kg1 Rf8 $11) 40... Kf8 41. Qxd6+ {[%mdl 64] Double Attack} Kg7 42. Qd7+ Kf6 43. Qc6+ Kg5 44. Qxe8 (44. h4+ Kh5 $11) 44... Bxe8) 36. Bxg7+ $1 Kxg7 37. Nd4 $2 ({White has to play} 37. Nc7 $1 $18 {[%cal Rc7e8]} Ree2 38. Ne6+ Kg8 39. Nf4 {[%mdl 64] Double Attack}) 37... Rb8 $2 {[%mdl 8192]} (37... f4 $11 38. Ne6+ (38. gxf4 $2 Be4 $19) 38... Rxe6 39. dxe6 Be4 40. Qxf4 (40. Qa1+ $2 Kg8 $19) 40... Rf2+ 41. Kg1 Rxf4 42. gxf4 Kf6) 38. Nab5 Ra8 39. Nc3 f4 {intending ...f3.} 40. Ne6+ Kg8 41. Nxf4 Rc2 42. Nfe2 Rf8 43. Qe1 Re8 44. Qd1 Re3 45. Kg1 Bd3 {[#]} 46. Nd4 $4 {[%mdl 8192]} (46. c5 $1 $18) 46... Rg2+ $19 47. Kh1 {[#]} Rf2 $1 48. Qxg4+ {[#]} Kf7 $2 (48... Kf8 $1 $19 {[%cal Rf2f1]} 49. Nde2 (49. Qc8+ {is a self mate.} Kf7 50. Qb7+ Kf6 51. Qb1 Bxb1 52. Kg1 Rg2+ 53. Kf1 Rxc3 54. Ne2 Bd3 {[%mdl 64] Double Attack} 55. Ke1 Rxe2+ 56. Kd1 Ra3 57. g4 Ra1#) 49... Rfxe2 50. Nxe2 Rxe2) 49. Qh5+ $2 {[%mdl 8192]} (49. Nde2 $11 Rexe2 50. Nxe2 Rxe2 51. Kg1 Rg2+ 52. Kh1) 49... Bg6 {[%cal Rf2f1]} 50. Qd1 Rxc3 51. Qe1 {[#]} Be4+ $1 {[%mdl 512]} 52. Kg1 (52. Qxe4 Rf1#) 52... Rg2+ {Accuracy: White = 36%, Black = 35%.} 0-1

[Event "10th Beirut Open-ch 2019"]
[Site "Beirut"]
[Date "2019.04.29"]
[Round "4.7"]
[White "Hariri, Nizar"]
[Black "Eid, Fadi"]
[Result "0-1"]
[WhiteElo "1958"]
[BlackElo "2331"]
[Annotator "TA"]
[PlyCount "95"]
[EventDate "2019.04.25"]
[EventType "swiss"]
[EventRounds "9"]
[EventCountry "LBN"]
[SourceTitle "playchess.com"]
[Source "ChessBase"]
[SourceQuality "1"]

{[%evp 14,95,47,40,38,34,37,37,43,37,40,24,37,41,43,5,0,0,0,-23,-40,-55,-44,-49,-48,-54,-50,-48,-40,-46,-46,-32,-35,-46,-35,-29,-27,-78,-62,-85,-72,-141,-16,-11,-20,-31,34,39,52,40,36,0,0,0,0,-36,-10,-22,0,-16,0,0,18,0,0,-22,-24,-67,-77,-417,-383,-364,-350,-507,-491,-605,-440,-605,-577,-550,-539,-29995,-29996,-29999]} 1. d4 Nc6 2. Nf3 d5 3. c4 Bg4 4. cxd5 Bxf3 5. gxf3 Qxd5 6. e3 e6 7. Nc3 Qh5 8. f4 Qxd1+ {D07: Queen's Gambit: Chigorin Defence} 9. Kxd1 Nf6 10. Bd2 O-O-O {White is slightly better.} 11. Ke2 (11. Bg2 Ne7 12. Ke2 Kb8 13. Na4 Nf5 14. Rhd1 Nd5 15. b4 h6 16. Nc5 g5 17. fxg5 hxg5 18. h3 Be7 19. a4 {1-0 (49) Ding,L (2772)-Stevic,H (2616) Antalya 2017}) 11... Ne7 {[%cal Bc6e7,Be7f5,Bf5h4][%mdl 32]} 12. Rc1 Kb8 13. Bg2 Nf5 14. Rhd1 $146 ({Predecessor:} 14. Rhg1 h6 15. Ne4 Be7 16. Nc5 {½-½ (26) Wu,S (2435)-Ong,C (2315) Singapore 1997}) 14... h6 15. Be1 c6 16. Kf1 Be7 17. a3 g5 18. Ne2 Nh4 19. Ba5 Rdg8 20. Bh1 Ng4 21. h3 Nh2+ 22. Kg1 N4f3+ 23. Bxf3 $1 Nxf3+ 24. Kg2 Nh4+ 25. Kh1 (25. Kf1 $11 {keeps the balance.}) 25... Bd6 26. Bb4 Bc7 27. Be7 {[#]} (27. e4 $142) 27... f5 ({Better is} 27... Rg6 $1 $17 28. Rg1 Re8) 28. Bf6 $11 Rh7 29. Be5 g4 (29... Rd7 $15) 30. hxg4 $14 Rxg4 31. Rg1 h5 32. Bxc7+ Kxc7 33. Rg3 Rhg7 34. b4 Nf3 35. b5 Nd2 (35... Rxg3 {feels hotter.} 36. fxg3 Nd2 37. d5 exd5 38. Nd4 Rg6) 36. bxc6 bxc6 37. Rxg4 Rxg4 $11 {[%mdl 4096] Endgame KRN-KRN} 38. Nc3 Kd6 39. Rd1 Nf3 40. Nb1 Kd5 41. Nc3+ $2 {[%mdl 8192]} (41. a4 $17) 41... Kc4 $19 42. Ne2 h4 43. a4 (43. d5 $142 exd5 44. Nd4 Nxd4 45. Rxd4+ Kb3 46. Kh2) 43... a5 44. Rb1 Kd3 45. Rb2 Rg7 46. Ra2 h3 {( -> ...Rg2!)} 47. Rb2 {[#] If only White now had time for Ng3....} Rg2 $1 {[%csl Gf3][%cal Rg2h2][%mdl 512]} 48. Ng3 {Accuracy: White = 22%, Black = 58%.} 0-1

[Event "10th Beirut Open-ch 2019"]
[Site "Beirut"]
[Date "2019.04.29"]
[Round "4.8"]
[White "EL Mahmoud, AbdulAziz"]
[Black "Al Salman, Mohamad"]
[Result "1-0"]
[WhiteElo "2108"]
[BlackElo "1958"]
[PlyCount "159"]
[EventDate "2019.04.25"]
[EventType "swiss"]
[EventRounds "9"]
[EventCountry "LBN"]
[TimeControl "5400+30"]

1. c4 Nf6 2. g3 e6 3. Nf3 d5 4. Bg2 c5 5. O-O d4 6. d3 Be7 7. b4 cxb4 8. a3 bxa3 9. Bxa3 Nc6 10. Nbd2 O-O 11. Qb3 Nd7 12. Bxe7 Qxe7 13. Rfb1 Nc5 14. Qa3 a6 15. Nb3 Nxb3 16. Qxe7 Nxe7 17. Rxb3 Nc6 18. Ng5 f5 19. Rb6 h6 20. Nf3 e5 21. Nd2 Rf6 22. c5 Ne7 23. Nc4 Rxb6 24. Nxb6 Rb8 25. Nc4 Be6 26. Nxe5 Bd5 27. Rb1 Rc8 28. Bxd5+ Nxd5 29. Rxb7 Rxc5 30. Rb8+ Kh7 31. Nf3 a5 32. Nxd4 Kg6 33. Kg2 a4 34. Ra8 Nc3 35. Ra6+ Kf7 36. Kf3 Ke7 37. g4 fxg4+ 38. Kxg4 Rg5+ 39. Kf3 Kd7 40. e4 Rh5 41. Kg4 Rxh2 42. f4 Rd2 43. Nf3 Rg2+ 44. Kf5 Rg3 45. Ne5+ Ke7 46. d4 h5 47. d5 Nb5 48. Nc6+ Kd7 49. e5 a3 50. Na7 Nd4+ 51. Ke4 Nb3 52. e6+ Ke7 53. Nc6+ Kf6 54. Ra7 Nc5+ 55. Kd4 Nxe6+ 56. dxe6 Kxe6 57. Ke4 h4 58. Nd4+ Kf6 59. Ra6+ Kf7 60. Nf5 Rb3 61. Nxh4 g5 62. Ra7+ Kg8 63. Ra8+ Kf7 64. Ra7+ Kg8 65. Ng6 gxf4 66. Kxf4 Rc3 67. Kf5 Rc5+ 68. Kf6 Rc6+ 69. Kg5 Rc3 70. Nf4 Rc5+ 71. Kf6 Rc3 72. Ne6 Rf3+ 73. Kg6 Rg3+ 74. Ng5 Kf8 75. Kf6 Ke8 76. Ne4 Re3 77. Ke5 Rb3 78. Ke6 Kd8 79. Nd6 Rh3 80. Rd7# 1-0

[Event "10th Beirut Open-ch 2019"]
[Site "Beirut"]
[Date "2019.04.29"]
[Round "4.9"]
[White "Nassar, Marc"]
[Black "Sursock, Sameer"]
[Result "0-1"]
[WhiteElo "1909"]
[BlackElo "2048"]
[PlyCount "40"]
[EventDate "2019.04.25"]
[EventType "swiss"]
[EventRounds "9"]
[EventCountry "LBN"]
[TimeControl "5400+30"]

1. e4 c5 2. d4 cxd4 3. c3 Nf6 4. e5 Nd5 5. Nf3 Nc6 6. Bc4 Nb6 7. Bb3 e6 8. O-O d6 9. exd6 Bxd6 10. cxd4 O-O 11. Re1 Bd7 12. Nc3 Rc8 13. Bc2 Be7 14. Qd3 f5 15. a3 Bf6 16. Bb3 Na5 17. Bxe6+ Bxe6 18. Rxe6 Nb3 19. Rb1 Nc5 20. Qxf5 Bxd4 0-1

[Event "10th Beirut Open-ch 2019"]
[Site "Beirut"]
[Date "2019.04.29"]
[Round "4.10"]
[White "Moudallal, Tarek"]
[Black "Khechen, Nabil E"]
[Result "1-0"]
[WhiteElo "2043"]
[BlackElo "1933"]
[PlyCount "63"]
[EventDate "2019.04.25"]
[EventType "swiss"]
[EventRounds "9"]
[EventCountry "LBN"]
[TimeControl "5400+30"]

1. e4 e5 2. Nf3 d6 3. d4 Nd7 4. Bc4 c6 5. dxe5 dxe5 6. O-O Be7 7. Nc3 Ngf6 8. Qe2 O-O 9. Rd1 Qc7 10. Bg5 h6 11. Bh4 Nb6 12. Bb3 Nh5 13. Nxe5 Nf4 14. Qf3 Qxe5 15. Bxe7 Nh3+ 16. gxh3 Qxe7 17. a4 Be6 18. a5 Nd7 19. Na4 Ne5 20. Qe3 Qh4 21. f4 Ng6 22. Rf1 Bxh3 23. Rf3 Be6 24. Nc5 Bxb3 25. cxb3 b6 26. Nd3 c5 27. Kh1 Qe7 28. Rg1 Kh7 29. f5 Nh4 30. Rf4 g5 31. f6 gxf4 32. Rg7+ 1-0

[Event "10th Beirut Open-ch 2019"]
[Site "Beirut"]
[Date "2019.04.29"]
[Round "4.11"]
[White "Hassweh, Mwaffaq"]
[Black "Novikova, Margarita"]
[Result "1-0"]
[WhiteElo "1866"]
[BlackElo "2032"]
[PlyCount "128"]
[EventDate "2019.04.25"]
[EventType "swiss"]
[EventRounds "9"]
[EventCountry "LBN"]
[TimeControl "5400+30"]

1. e4 d5 2. exd5 Qxd5 3. Nc3 Qd6 4. d4 Nf6 5. Bc4 a6 6. Nf3 b5 7. Bb3 Bb7 8. O-O Nc6 9. Re1 h6 10. a4 b4 11. Ne2 g5 12. Ng3 O-O-O 13. Bxf7 Nxd4 14. Nxd4 Qxd4 15. Qxd4 Rxd4 16. Nf5 Re4 17. Be3 Bd5 18. Bxd5 Nxd5 19. Bc5 Rc4 20. Bd4 Rh7 21. Rac1 Rf7 22. b3 Rc6 23. Re5 e6 24. Ng3 Nf4 25. Be3 Bg7 26. Rc5 Rxc5 27. Bxc5 a5 28. Rd1 Rd7 29. Rxd7 Kxd7 30. Ne4 Kc6 31. Be3 Nd5 $11 32. Nd2 Kb7 33. Nc4 Ka6 34. Kf1 Nc3 35. Ke1 Nb1 36. Bc1 Bc3+ 37. Ke2 Bd4 38. f4 g4 39. Be3 Bf6 40. Kd3 Na3 41. Nd2 Bc3 42. Ne4 Nb1 43. Nc5+ Kb6 44. Nxe6+ Kc6 45. Nd8+ Kd7 46. Nf7 h5 47. Kc4 Ke6 48. Ng5+ Kf5 49. g3 c6 50. Bb6 Nd2+ 51. Kd3 Nf1 52. Bxa5 Nxh2 53. Bb6 h4 54. gxh4 Kxf4 55. Ne4 Be5 56. a5 Bb8 57. a6 Kf5 58. a7 Bxa7 59. Bxa7 Nf3 60. Bf2 Nh2 61. Ke3 Nf3 62. Ng3+ Kg6 63. Kf4 Nh2 64. h5+ Kh6 1-0

[Event "10th Beirut Open-ch 2019"]
[Site "Beirut"]
[Date "2019.04.29"]
[Round "4.12"]
[White "Asmar, Elie"]
[Black "Kaloust, Giorgio"]
[Result "1/2-1/2"]
[WhiteElo "2009"]
[BlackElo "1919"]
[PlyCount "128"]
[EventDate "2019.04.25"]
[EventType "swiss"]
[EventRounds "9"]
[EventCountry "LBN"]
[TimeControl "5400+30"]

1. Nf3 c5 2. g3 g6 3. Bg2 Bg7 4. O-O b6 5. c4 Bb7 6. Nc3 Nf6 7. b3 O-O 8. Bb2 d5 9. cxd5 Nxd5 10. Rb1 Nd7 11. Nxd5 Bxd5 12. Bxg7 Kxg7 13. d4 e6 14. Re1 Be4 15. Rc1 Qe7 16. Qd2 Rfd8 17. Qe3 Bb7 18. h4 cxd4 19. Nxd4 Bxg2 20. Kxg2 Nf6 21. f3 Rd5 22. Rc2 Qd6 23. Nc6 Rc8 24. Rec1 Rc7 25. b4 Rd1 26. Rxd1 Qxd1 27. Qc3 Qd5 28. a4 e5 29. e4 Qd6 30. b5 Nd7 31. Rd2 Qe6 32. Nd8 Rxc3 33. Nxe6+ Kf6 34. Rxd7 Kxe6 35. Rxa7 Rc2+ 36. Kf1 Ra2 37. g4 f5 38. gxf5+ gxf5 39. Rxh7 fxe4 40. fxe4 Rxa4 41. Rh6+ Kd7 42. Rxb6 Rxe4 43. Rh6 Rb4 44. b6 Ke8 45. h5 Kd7 46. b7 Kc7 47. Rh7+ Kb8 48. Ke2 Rh4 49. Ke3 Ka7 50. Kf3 Kb8 51. Kg3 Rh1 52. Kg4 e4 53. Re7 Rg1+ 54. Kf5 Rf1+ 55. Kg6 Rg1+ 56. Kh7 Re1 57. h6 e3 58. Kh8 e2 59. h7 Ka7 60. Kg8 Rg1+ 61. Kf8 Rh1 62. Kg7 Rg1+ 63. Kf8 Rf1+ 64. Kg8 Rg1+ $11 1/2-1/2

[Event "10th Beirut Open-ch 2019"]
[Site "Beirut"]
[Date "2019.04.29"]
[Round "4.13"]
[White "Moughames, Ronald"]
[Black "Eiti, Bashir"]
[Result "0-1"]
[WhiteElo "1721"]
[BlackElo "2352"]
[PlyCount "58"]
[EventDate "2019.04.25"]
[EventType "swiss"]
[EventRounds "9"]
[EventCountry "LBN"]
[TimeControl "5400+30"]

1. e4 c6 2. d4 g6 3. f4 d5 4. e5 h5 5. Nc3 Nh6 6. Nf3 Bg4 7. Be2 e6 8. O-O Nf5 9. Ng5 c5 10. Bxg4 hxg4 11. Qxg4 cxd4 12. Nd1 Qc7 13. Nf2 Qxc2 14. Nxe6 fxe6 15. Qxg6+ Kd7 16. Ng4 Qxg2+ 17. Kxg2 Nh4+ 18. Kg3 Nxg6 19. Bd2 Nh4 20. Nf6+ Kd8 21. b4 Nf5+ 22. Kg4 Rxh2 23. Rfd1 Nd7 24. Nxd5 Rh4+ 25. Kg5 Bh6+ 26. Kg6 Ne7+ 27. Nxe7 Kxe7 28. Rh1 Rg8+ 29. Kh7 Rh8+ 0-1

[Event "10th Beirut Open-ch 2019"]
[Site "Beirut"]
[Date "2019.04.29"]
[Round "4.14"]
[White "Ghnatios, Ralph"]
[Black "Arkadan, Adib"]
[Result "1-0"]
[WhiteElo "1838"]
[BlackElo "1686"]
[PlyCount "45"]
[EventDate "2019.04.25"]
[EventType "swiss"]
[EventRounds "9"]
[EventCountry "LBN"]
[TimeControl "5400+30"]

1. e4 c5 2. Nc3 e6 3. Nf3 a6 4. d4 cxd4 5. Nxd4 Qc7 6. Bd3 Nf6 7. O-O Be7 8. Kh1 b5 9. f4 d6 10. g4 Bb7 11. g5 Nfd7 12. Qh5 Nf8 13. f5 exf5 14. Nxf5 g6 15. Ng7+ Kd8 16. Qg4 f5 17. gxf6 h6 18. Qf3 Rg8 19. Bxh6 Rh8 20. Qf4 b4 21. fxe7+ Qxe7 22. Bg5 Nc6 23. Nd5 1-0

[Event "10th Beirut Open-ch 2019"]
[Site "Beirut"]
[Date "2019.04.29"]
[Round "4.15"]
[White "Sharbel, Marwan"]
[Black "Hanna, Elie"]
[Result "0-1"]
[WhiteElo "1973"]
[BlackElo "1726"]
[PlyCount "60"]
[EventDate "2019.04.25"]
[EventType "swiss"]
[EventRounds "9"]
[EventCountry "LBN"]
[TimeControl "5400+30"]

1. d4 Nf6 2. c4 e6 3. Nf3 c5 4. d5 exd5 5. cxd5 d6 6. e4 g6 7. Bd3 Bg7 8. h3 a6 9. a4 O-O 10. Nc3 Nbd7 11. Bf4 Qc7 12. Nd2 Nh5 13. Bh2 Be5 14. O-O Nf4 15. Nc4 Nxd3 16. Qxd3 Bxh2+ 17. Kxh2 Re8 18. f4 b6 19. Rae1 f6 20. Qg3 Rb8 21. f5 Ne5 22. Nxe5 Rxe5 23. fxg6 Rg5 24. gxh7+ Kxh7 25. Qf4 Qg7 26. Rf2 Qg6 27. Qxd6 Bxh3 28. gxh3 Rg8 29. Ree2 Rg1 30. Qf4 Rh1+ 0-1

[Event "10th Beirut Open-ch 2019"]
[Site "Beirut"]
[Date "2019.04.29"]
[Round "4.16"]
[White "Haidar, Wassim"]
[Black "Djikerian, Rafi"]
[Result "1-0"]
[WhiteElo "1707"]
[BlackElo "1833"]
[PlyCount "99"]
[EventDate "2019.04.25"]
[EventType "swiss"]
[EventRounds "9"]
[EventCountry "LBN"]
[TimeControl "5400+30"]

1. e4 e5 2. Bc4 Nc6 3. a3 g6 4. Ne2 Bg7 5. O-O Nf6 6. d3 O-O 7. f4 d5 8. exd5 Nxd5 9. h3 Nb6 10. Ba2 Nd4 11. fxe5 Bxe5 12. Bh6 Bg7 13. Bxg7 Kxg7 14. Nbc3 Bf5 15. Nxd4 Qxd4+ 16. Kh1 Rae8 17. Re1 c6 18. Qf3 Nd7 19. Qg3 h5 20. Rf1 Re3 21. Rf3 Rxf3 22. Qxf3 Re8 23. Rf1 Re3 24. Qf2 Qe5 25. Ne4 Bxe4 26. dxe4 Qxe4 27. Qxf7+ Kh6 28. Qxd7 Qxc2 29. Bg8 Qxb2 30. h4 Qg7 31. Qd2 Qe7 32. Qd4 Qe5 33. Qxe5 Rxe5 34. Rf7 g5 35. Rxb7 g4 36. Kh2 a5 37. Rb6 Rc5 38. Ra6 Kg6 39. Be6 Rc3 40. Rxa5 g3+ 41. Kh3 Kf6 42. Bd7 c5 43. Ra6+ Ke7 44. Bb5 Kd8 45. Ra7 Rb3 46. a4 Rb4 47. Rh7 c4 48. Rxh5 c3 49. Rc5 Rb3 50. h5 1-0

[Event "10th Beirut Open-ch 2019"]
[Site "Beirut"]
[Date "2019.04.29"]
[Round "4.17"]
[White "Attieh, Wael"]
[Black "Berbari, Imad"]
[Result "1-0"]
[WhiteElo "1823"]
[BlackElo "1666"]
[PlyCount "67"]
[EventDate "2019.04.25"]
[EventType "swiss"]
[EventRounds "9"]
[EventCountry "LBN"]
[TimeControl "5400+30"]

1. e4 g6 2. d4 Bg7 3. Nf3 d6 4. Bd3 a6 5. O-O Nc6 6. c3 b5 7. Be3 Nf6 8. h3 O-O 9. a4 b4 10. d5 Nb8 11. cxb4 c6 12. dxc6 Nxc6 13. b5 axb5 14. Bxb5 Bd7 15. Nc3 Na5 16. Bxd7 Nxd7 17. Bd4 f6 18. b4 Nc6 19. a5 Kh8 20. Qa4 Nce5 21. Nxe5 fxe5 22. Be3 Nf6 23. b5 Qc8 24. Rfc1 Qe6 25. b6 Nd7 26. a6 Nc5 27. Bxc5 dxc5 28. Nd5 Bh6 29. Rxc5 Qf7 30. f3 e6 31. Rc7 Qe8 32. b7 exd5 33. Qd7 Be3+ 34. Kh1 1-0